Statistiques concernant Césars 2024

Cliquez ici pour prendre le quiz!

Statistiques générales

  • Ce quiz a été pris 104 fois
  • Le résultat moyen est 10 sur 12

Statistiques - réponses

QuestionRéponse% Correct
Quel film a reçu le César du meilleur film ?Anatomie d'une chute de Justine Triet
97%
Quelle actrice a reçu le César de la meilleure actrice ?Sandra Hüller dans Anatomie d'une chute
94%
Quelle actrice a reçu le César de la meilleure actrice dans un second rôle ?Adèle Exarchopoulos dans Je verrai toujours vos visages
93%
Quel acteur a reçu le César de la meilleure révélation masculine ?Raphaël Quenard dans Chien de la casse
92%
Quelle personne a reçu le César de la meilleure réalisaton ?Justine Triet pour Anatomie d'une chute
89%
Quel film a reçu le César du meilleur scénario original ?Justine Triet et Arthur Harari pour Anatomie d'une chute
84%
Quel film a reçu le César du meilleur premier film ?Chien de la casse réalisé par Jean-Baptiste Durand
83%
Quel acteur a reçu le César du meilleur acteur ?Arieh Worthalter dans Le Procès Goldman
81%
Quel acteur a reçu le César du meilleur acteur dans un second rôle ?Swann Arlaud dans Anatomie d'une chute
74%
Quel film a reçu le César du meilleur film documentaire ?Les Filles d'Olfa réalisé par Kaouther Ben Hania
69%
Quel film a reçu le César de la meilleure adaptation ?Valérie Donzelli et Audrey Diwan pour L'Amour et les forêts
67%
Quelle actrice a reçu le César de la meilleure révélation féminine ?Ella Rumpf dans Le Théorème de Marguerite
62%

Distribution des résultats

Percentile par nombre de réponses

% des personnes avec chaque résultat

Votre développement - résultats

Vous n’avez pas pris ce quiz